| 000 | 00326nam a22001337a 4500 | ||
|---|---|---|---|
| 020 | _qPB. | ||
| 040 | _cFIZZA ISHAQ | ||
| 082 |
_a005.453 _bALF |
||
| 100 |
_aAHO,ALFRED. _989652 |
||
| 245 |
_aCOMPILERS PRINCIPLES TECHNIQUES AND TOOLS / _cALFRED AHO. |
||
| 260 |
_aCRC PRESS ; _c2010. |
||
| 300 | _a930 P. ; | ||
| 942 |
_2ddc _cBK |
||
| 999 |
_c589721 _d589721 |
||